Effectif LOSC 2025/2026 - Statistiques

Statistiques générales
  • Ce quiz a été pris 520 fois
    5 depuis la dernière actualisation
  • Le résultat moyen est 17 sur 28
Statistiques - réponses
Poste Numéro Pays Joueur % Correct
COACH - France Bruno Genesio
100%
DEF 18 RD Congo Chancel Mbemba
100%
ATT 7 Belgique Matias Fernandez-Pardo
100%
ATT 9 France Olivier Giroud
100%
DEF 12 Belgique Thomas Meunier
100%
DEF 23 Algérie Aïssa Mandi
80%
DEF 4 Brésil Alexsandro
80%
MIL 21 France Benjamin André
80%
G 1 Turquie Berke Özer
80%
MIL 6 Algérie Nabil Bentaleb
80%
DEF 3 Belgique Nathan Ngoy
80%
MIL 32 Maroc Ayyoub Bouaddi
60%
MIL 8 France Ethan Mbappé
60%
ATT 27 Portugal Félix Correia
60%
ATT 10 Islande Hákon Arnar Haraldsson
60%
ATT 29 Maroc Hamza Igamane
60%
MIL 17 RD Congo Ngal'ayel Mukau
60%
DEF 22 Portugal Tiago Santos
60%
DEF 24 Indonésie Calvin Verdonk
40%
ATT 11 Maroc Osame Sahraoui
40%
DEF 15 France Romain Perraud
40%
G 16 Belgique Arnaud Bodart
20%
ATT 28 France Gaëtan Perrin
20%
G 30 France Marc-Aurèle Caillard
20%
ATT 14 Norvège Marius Broholm
20%
ATT 20 France Noah Edjouma
20%
DEF 36 France Ousmane Touré
20%
ATT 35 France Soriba Diaoune
20%
Aucun quiz correspondant
Distribution des résultats
% des personnes avec chaque résultat
Percentile par nombre de réponses
Votre historique - résultats
Vous n’avez pas pris ce quiz depuis la dernière actualisation